000 00787nam a2200229Ii 4500
003 JO-AjNU
008 230605s9999||||xx |||||||||||||| ||und||
017 _a2019/5/2592
020 _a978-9923-14-051-6
040 _aJO-AjNU
_bara
_erda
_cJO-AjNU
041 _aara
050 1 4 _aPJ7577. B883 2020
100 3 _aبوطيب، عبد العالي,
_eauthor
_960120
245 0 0 _aمستويات دراسة النص الروائي بين النظرية والتطبيق
250 _aط1
264 3 1 _aاربد: عالم الكتب الحديث للنشر والتوزيع، 2020
300 _a310ص
336 _atext
_btxt
_2rdacontent
337 _aunmediated
_bn
_2rdamedia
338 _avolume
_bnc
_2rdacarrier
650 4 _aادب العربي- النص الروائي
_960121
999 _aA27093
_c30661
_d30661